| 000 | 01394nam a2200241 a 4500 | ||
|---|---|---|---|
| 008 | 150421s2012 ||||||||||||||||| || u | ||
| 020 | _a9780123850812 | ||
| 050 | _aQA 297 Att | ||
| 100 | _aAttaway, Stormy | ||
| 245 | 1 | 0 |
_aMATLAB a practical introduction to programming and problem solving. (2nd ed.) _cBy Stormy Attaway |
| 250 | _a2nd ed. | ||
| 260 |
_aAmsterdam _bButterworth -Heinemamann _c2012 |
||
| 300 | _axx, 518p: ill. | ||
| 350 | _a49.95 | ||
| 650 | 7 |
_aMATLAB _2gnd |
|
| 650 | _aCOMPUTER PROGRAMMING | ||
| 650 | _aNUMERICAL ANALYSIS--DATA PROCESSING | ||
| 995 |
_aMAIN LIBRARY OPEN ACCESS _e745080 _FCBU-MAIN LIBRARY (Kitwe) _I49.95 _jQA 297 Att _M2 _UAVAILABLE _WApr 27, 2015 _y745080 _ZMain Library Open Access Collection |
||
| 995 |
_aANNEX COLLECTION (Main Library) _e745079 _FCBU-MAIN LIBRARY (Kitwe) _I49.95 _jQA 297 Att _M1 _UAVAILABLE _WApr 27, 2015 _y745079 _ZAnnex Low-Usage Collection |
||
| 995 |
_aANNEX COLLECTION (Main Library) _e745082 _FCBU-MAIN LIBRARY (Kitwe) _I49.95 _jQA 297 Att _M4 _UAVAILABLE _WApr 27, 2015 _y745082 _ZAnnex Low-Usage Collection |
||
| 995 |
_aANNEX COLLECTION (Main Library) _e745083 _FCBU-MAIN LIBRARY (Kitwe) _I49.95 _jQA 297 Att _M5 _UAVAILABLE _WApr 27, 2015 _y745083 _ZAnnex Low-Usage Collection |
||
| 995 |
_aMAIN LIBRARY OPEN ACCESS _e745081 _FCBU-MAIN LIBRARY (Kitwe) _I49.95 _jQA 297 Att _M3 _UAVAILABLE _WApr 27, 2015 _y745081 _ZMain Library Open Access Collection |
||
| 999 |
_c82771 _d82771 |
||